| 000 | 00502cam a22002052a 4500 | ||
|---|---|---|---|
| 001 | 006911 | ||
| 003 | AR-FADEU | ||
| 008 | 311216n1967####xxu####################dd | ||
| 092 |
_a320.01 _bE13 |
||
| 100 | _aEaston, David | ||
| 245 | _aEnfoques sobre teoría política | ||
| 260 | _aBuenos Aires | ||
| 260 | _bAmorrortu | ||
| 260 | _c1967 | ||
| 300 | _a232 p | ||
| 440 | _aBiblioteca de sociología | ||
| 500 | _aTexto de sala | ||
| 650 | _aCIENCIA POLITICA; TEORIA POLITICA | ||
| 942 | _cBDGR | ||
| 999 |
_c12725 _d12725 |
||